Die größten Städte pro Bundesland - Buchstabe P - Statistiken

Allgemein
  • Dieses Quiz wurde 260 mal gespielt
  • Das Durchschnittsergebnis liegt bei 10 aus 37
Antwortstatistiken
Bundesland Einwohnerzahl Stadt % Korrekt
Brandenburg 183.154 Potsdam
96%
Nordrhein-Westfalen 152.531 Paderborn
82%
Baden-Württemberg 125.529 Pforzheim
79%
Bayern 53.093 Passau
74%
Mecklenburg-Vorpommern 6.091 Plau am See
72%
Thüringen 1.977 Plaue
69%
Sachsen 63.372 Plauen
67%
Rheinland-Pfalz 40.054 Pirmasens
52%
Niedersachsen 50.461 Peine
48%
Schleswig-Holstein 43.603 Pinneberg
48%
Sachsen 38.361 Pirna
44%
Bayern 26.453 Pfaffenhofen (Ilm)
30%
Schleswig-Holstein 8.943 Plön
28%
Mecklenburg-Vorpommern 17.467 Parchim
21%
Niedersachsen 37.885 Papenburg
19%
Nordrhein-Westfalen 54.805 Pulheim
18%
Baden-Württemberg 18.749 Pfullingen
15%
Mecklenburg-Vorpommern 9.841 Pasewalk
14%
Hessen 24.855 Pfungstadt
13%
Brandenburg 18.706 Prenzlau
12%
Saarland 18.269 Püttlingen
9%
Thüringen 11.654 Pößneck
8%
Saarland 8.872 Perl
7%
Hessen 16.096 Petersberg
7%
Sachsen-Anhalt 9.332 Petersberg
7%
Nordrhein-Westfalen 35.658 Porta Westfalica
6%
Schleswig-Holstein 16.005 Preetz
6%
Bayern 21.221 Puchheim
3%
Niedersachsen 14.525 Pattensen
2%
Hessen 17.872 Pohlheim
2%
Brandenburg 20.658 Panketal
1%
Sachsen 8.578 Penig
1%
Baden-Württemberg 18.699 Pfinztal
1%
Rheinland-Pfalz 5.841 Plaidt
1%
Sachsen-Anhalt 1.260 Plötzkau
1%
Rheinland-Pfalz 6.939 Polch
1%
Thüringen 2.753 Probstzella
1%
Keine übereinstimmenden Quizze gefunden
Verteilung der Resultate
Anzahl Personen mit jedem Resultat
Perzentil nach korrekt beantworteten Fragen
Ihre Resultats-Entwicklung
Sie haben dieses Quiz noch nicht gespielt